00228nam a22000977a 4500082001100000100002200011245004700033250001100080260003000091300000900121 a155.24 aPatti L. Harrison aAdaptive Behavior Assessment system manual a2nd ed aOaklandbThomas WPSc2003 a341p